| Tag |
First Indicator |
Second Indicator |
Subfields |
| LEADER |
00000cai a2200000Ia 4500 |
| 001 |
in00002575608 |
| 005 |
20151201152425.0 |
| 006 |
m a i |
| 007 |
cr ||||||||||| |
| 008 |
021015c20uu9999fr uu dss s i0 2eng d |
| 019 |
|
|
|a 223883524
|
| 022 |
|
|
|a 1608-1072
|l 1608-1072
|
| 029 |
1 |
|
|a OCLCS
|b 63295
|
| 029 |
1 |
|
|a NZ1
|b 7310903
|
| 029 |
1 |
|
|a AU@
|b 000024781836
|
| 035 |
|
|
|a (OCoLC)ocm50786566
|
| 035 |
|
|
|a (OCoLC)50786566
|z (OCoLC)223883524
|
| 040 |
|
|
|a OUN
|c OUN
|d OCLCQ
|d CUS
|d OCLCQ
|d PUL
|d OCLCQ
|d AU@
|d MYG
|d TXA
|d UtOrBLW
|
| 049 |
|
|
|a TXAM
|
| 090 |
|
|
|a HG4503
|b .S68 Electronic
|
| 245 |
0 |
0 |
|a SourceOECD.
|p Institutional investors.
|
| 246 |
1 |
|
|i Title from database home page:
|a Institutional investors
|
| 247 |
1 |
0 |
|a SourceOECD.
|p Institutional investors statistics <Oct. 15, 2002>
|
| 250 |
|
|
|a Database ed.
|
| 264 |
|
1 |
|a [Paris] ;
|a [Washington, D.C.] :
|b OECD.
|
| 310 |
|
|
|a Annual
|
| 336 |
|
|
|a text
|b txt
|2 rdacontent
|
| 337 |
|
|
|a computer
|b c
|2 rdamedia
|
| 338 |
|
|
|a online resource
|b cr
|2 rdacarrier
|
| 362 |
1 |
|
|a Began in 2002?
|
| 538 |
|
|
|a Mode of access: World Wide Web.
|
| 500 |
|
|
|a Title from database contents screen (viewed Nov. 2, 2004).
|
| 520 |
|
|
|a Provides cross-country comparisons as well as detailed information by country on the financial assets of various types of institutional investors including insurance companies, pension funds and investment companies. Users can build statistical tables based on specific variables, view and print reports as multidimensional tables or graphs, and download statistical data in IVT, XLS and CSV formats for use with Beyond 20/20's statistical software, Microsoft Excel or other programs.
|
| 500 |
|
|
|a Electronic resource.
|
| 650 |
|
0 |
|a Institutional investments
|z OECD countries
|v Statistics
|v Databases.
|
| 710 |
2 |
|
|a Organisation for Economic Co-operation and Development.
|
| 948 |
|
|
|a cataloged
|b h
|c 2010/7/1
|d c
|e spoltoratski
|f 8:55:12 am
|
| 994 |
|
|
|a C0
|b TXA
|
| 999 |
|
|
|a MARS
|
| 999 |
f |
f |
|s af347217-2db9-3edb-9800-beb9f46f78cb
|i 48b8e20d-8126-30a6-8e9a-77551a477d4c
|t 0
|
| 952 |
f |
f |
|a Texas A&M University
|b College Station
|c Electronic Resources
|d Available Online
|t 0
|e HG4503 .S68
|g Electronic
|h Library of Congress classification
|
| 998 |
f |
f |
|a HG4503 .S68
|t 0
|l Available Online
|